Twentieth century english novelists : (Record no. 134784)

MARC details
000 -LEADER
fixed length control field 00744nam a22002297a 4500
005 - DATE AND TIME OF LATEST TRANSACTION
control field 20170124110233.0
010 ## - LIBRARY OF CONGRESS CONTROL NUMBER
LC control number B-058713
020 ## - INTERNATIONAL STANDARD BOOK NUMBER
Terms of availability 00.00
International Standard Book Number 8173914249
035 ## - SYSTEM CONTROL NUMBER
System control number B-058713
037 ## - SOURCE OF ACQUISITION
Source of stock number/acquisition Cen Lib/Ret
040 ## - CATALOGING SOURCE
Original cataloging agency DPL
Language of cataloging EN
082 ## - DEWEY DECIMAL CLASSIFICATION NUMBER
Classification number 883.08
Item number MYL
100 ## - MAIN ENTRY--PERSONAL NAME
Personal name Myles, Anita
9 (RLIN) 41757
245 ## - TITLE STATEMENT
Title Twentieth century english novelists :
Statement of responsibility, etc by Anita Myles
Remainder of title the trend setters /
260 ## - PUBLICATION, DISTRIBUTION, ETC. (IMPRINT)
Place of publication, distribution, etc New Delhi
Name of publisher, distributor, etc Kanishka publishers
Date of publication, distribution, etc 2001
270 ## - ADDRESS
City New Delhi
Address 4697/5-21, A, Anasri road, Daryaganj
Postal code 110002
300 ## - PHYSICAL DESCRIPTION
Extent vi,182p.
Dimensions 22cm(Hb)
500 ## - GENERAL NOTE
General note Includes bibliographical references and index
650 ## - SUBJECT ADDED ENTRY--TOPICAL TERM
Topical term or geographic name as entry element Literature
9 (RLIN) 6262
650 ## - SUBJECT ADDED ENTRY--TOPICAL TERM
Topical term or geographic name as entry element Novelists
Chronological subdivision 20th century
9 (RLIN) 41758
942 ## - ADDED ENTRY ELEMENTS (KOHA)
Source of classification or shelving scheme Dewey Decimal Classification
Koha item type English Books
Classification part 883.08
Call number suffix MYS
Holdings
Withdrawn status Lost status Damaged status Not for loan Home library Current library Date acquired Source of acquisition Cost, normal purchase price Total Checkouts Full call number Barcode Date last seen Date checked out Copy number Cost, replacement price Price effective from Koha item type Public note
Written off       Central Library Central Library 31/07/2015 Cen Lib/Ret 0.00 3 883.08 MYL B-058713 05/02/2018 15/01/2018 1 0.00 31/07/2015 English Books W/d List No. 6867/25 ; dtd 11/08/2020

© Delhi Public Library
Hit Counter
free hit counter